banner koha

Panicoideae (Poaceae) em remanescentes florestais do sul da Bahia: aspectos taxonômicos e ecológicos (Registro n. 329770)

MARC details
000 -LÍDER
fixed length control field 02521nab a2200253 i 4500
003 - CÓDIGO MARC DA AGÊNCIA CATALOGADORA
Campo de controle BR-BrBNA
005 - DATA E HORA DA ÚLTIMA ATUALIZAÇÃO
Campo de controle 20250131112550.0
008 - CAMPO DE TAMANHO FIXO
fixed length control field 250131b2012 bl.qr|pooa||| 00| 0 por |
040 ## - FONTE DA CATALOGAÇÃO
Agência catalogadora BR-BrBNA
Idioma da catalogação por
072 ## - CATEGORIA AGRIS
Código AGRIS F70
100 ## - ENTRADA PRINCIPAL - NOME PESSOAL
Nome pessoal Pimenta, Karena Mendes
100 ## - ENTRADA PRINCIPAL - NOME PESSOAL
Nome pessoal Dórea, Marcos da Costa
100 ## - ENTRADA PRINCIPAL - NOME PESSOAL
Nome pessoal Oliveira, Reyjane Patrícia de
245 ## - TÍTULO PRINCIPAL
Título principal Panicoideae (Poaceae) em remanescentes florestais do sul da Bahia: aspectos taxonômicos e ecológicos
500 ## - NOTA GERAL
Nota geral Publicação on-line; 41 ref.; 9 illus.; Summaries (En, Pt)
942 ## - ADDED ENTRY ELEMENTS (KOHA)
Koha item type Analítica
520 ## - NOTA DE RESUMO
Nota de conteúdo <br/><br/>Resumo<br/><br/>Esse trabalho consiste no levantamento das espécies de Panicoideae (Poaceae) em remanescentes de Mata<br/>Atlântica no sul do estado da Bahia. As coletas foram realizadas entre os anos de 2007 e 2010, concentrando-se<br/>nos bordos e no interior dos três maiores remanescentes florestais da Reserva Ecológica da Michelin (Mata<br/>da Vila 5, Pancada Grande e Pacangê). Foram confirmadas 24 espécies em 11 gêneros, sendo Ichnanthus P.<br/>Beauv. e Paspalum L. os mais representativos, com cinco e oito espécies, respectivamente. Uma chave de<br/>identificação para gêneros e espécies é apresentada, assim como descrições, ilustrações e dados ecológicos,<br/>contribuindo para o conhecimento das espécies florestais de Poaceae do Brasil.<br/><br/>Palavras-chave: Gramineae, florística, Mata Atlântica.<br/><br/><br/><br/>Abstract<br/><br/>We present a floristic survey of Panicoideae (Poaceae) in remnants of Atlantic Forest in Southern Bahia<br/>State, Brazil, in the Michelin Ecological Reserve. Collections were made from 2007 to 2010, focusing on<br/>the borders and interior of the three major forest fragments (Vila 5, Pancada Grande and Pacangê). Twenty<br/>four species in 11 genera were found, being Ichnanthus P. Beauv. and Paspalum L. the most representative,<br/>with five and eight species, respectively. An identification key to genera and species is presented, as well as<br/>descriptions, illustrations and ecological data, increasing the knowledge on Poaceae from Brazilian forests.<br/><br/>Key words: Gramineae, floristic survey, Atlantic Forest.
650 ## - ASSUNTO - THESAGRO
Cabeçalho tópico ou nome geográfico GRAMINEAE
650 ## - ASSUNTO - THESAGRO
Cabeçalho tópico ou nome geográfico COMPOSIÇÃO BOTÂNICA
650 ## - ASSUNTO - THESAGRO
Cabeçalho tópico ou nome geográfico MATA ATLÂNTICA
773 0# - ENTRADA ANALÍTICA
Host Biblionumber 709
Registro do item 348179
Imprenta Rio de Janeiro-RJ Jardim Botanico do Rio de Janeiro 1935
Outro identificador 2025-0668
Título Rodriguésia (Brazil)
ISSN 0370-6583; 2175-7860 on-line
Colação v. 63(4) p. 933-955; (2012)
Número de controle de registro BR2024003002
856 ## - ACESSO E ENDEREÇO ELETRÔNICO
Identificador uniforme de recurso - URI https://www.scielo.br/j/rod/a/KXmhHKSHgKfhT56MXnDHwYt/?format=pdf&lang=pt

Nenhum exemplar disponível.

BINAGRI

Telefone: (61)3218-2567/2388/3357/2097 - binagri@agro.gov.br

Ministério da Agricultura e Pecuária , Esplanada dos Ministérios, Bloco D, Anexo B, Brasília/DF, CEP: 70.043-900